000 00636nam a2200217Ia 4500
003 GCL
008 140319s9999 xx 000 0 ara d
040 _aGCL /
_cGCL
082 0 4 _aق
_b932
_bا م
100 1 _aابراهيم نمير سيف الدين
245 1 0 _aمصر فى العصور القديمة /
_cابراهيم نمير سيف الدين
700 1 _aاحمد نجيب هاشم
700 1 _aشفيق غبريال
260 _a[S.N] :
_bمكتبة مدبولى ،
_c1991
300 _a249 ص
490 _a
650 0 4 _aمصر
650 0 4 _aتاريخ
650 0 4 _aمصر القديمة
942 _2ddc
_cBK
999 _c52949
_d52949